01001nam a2200289 a 450000100100000000500170001000800410002702000180006804100090008604300130009509000140010810000160012224500700013825000120020826000390022030000460025949000140030565000450031965000290036465000270039365000360042065000360045665000370049270000300052999900170055995201350057600008166720200120224614.0161123s2012 sp a|||g n||| 000 cdspa d a97884156284150 a#spa aae-uk-en aJHbMOOAu1 aMoore, Alan13aEl universo DC de Alan Moore /cAlan Moore ; dibujo Dave Gibbons. a1a. ed. aBarcelona :bECC Ediciones,c2012. a[300 páginas] :bilustraciones a color.0 aDC Comics17aTiras cómicas, historietas, etc.2LEMB27aLiteratura juvenil2LEMB27aNovela gráfica2LEMB27aHéroes en la literatura2LEMB27aJusticia en la literatura2LEMB27aAventuras en la literatura2LEMB1 aGibbons, Dave,cdibujante c10078d10078 00102ddc4070aBPMOSbBPMOSd2020-01-20i114263l0oJHMOOAuMOS016716pMOS016716r2020-01-20tej.1w2020-01-20yBKzQuince días